Zoomed in country flags #5 - Statistics

General Stats
  • This quiz has been taken 54 times
    45 since last reset
  • The average score is 8 of 8
Answer Stats
Picture Answer % Correct
Venezuela
100%
Nepal
97%
Vietnam
97%
Algeria
95%
Bosnia and Herzegovina
92%
Czech republic
92%
Latvia
92%
Zambia
90%
No matching quizzes found
Score Distribution
Percent of People with Each Score
Percentile by Number Answered
Your Score History
You have not taken this quiz since the last reset